书目信息 |
| 题名: |
新手学制作多媒体课件
|
|
| 作者: | ;神龙工作室 编著 | |
| 分册: | ||
| 出版信息: | 北京 人民邮电出版社 2005.07 |
|
| 页数: | 237页 | |
| 开本: | 26cm | |
| 丛书名: | 易学易用系列 | |
| 单 册: | ||
| 中图分类: | G434 | |
| 科图分类: | ||
| 主题词: | 多谋体--duo mou ti--计算机辅助教学 | |
| 电子资源: | ||
| ISBN: | 7-115-13521-5 | |
| 000 | 00960nam 2200253 450 | |
| 001 | 012006096281 | |
| 005 | 20060313103828.14 | |
| 010 | @a7-115-13521-5@dCNY28.00 (含光盘) | |
| 100 | @a20060312d2005 km y0chiy0120 ea | |
| 101 | 0 | @achi |
| 102 | @aCN@b110000 | |
| 105 | @aa z 000yy | |
| 200 | 1 | @a新手学制作多媒体课件@Axin shou xue zhi zuo duo mei ti ke jian@f神龙工作室编著@Fshen long gong zuo shi bian zhu |
| 210 | @a北京@c人民邮电出版社@d2005.07 | |
| 215 | @a237页@c图@d26cm@e光盘1片 | |
| 225 | 2 | @a易学易用系列@Ayi xue yi yong xi lie |
| 307 | @a光盘 ISBN : 7-89497-764-0 | |
| 330 | @a本书详细地介绍初学者必须掌握的基本知识、操作方法和使用步骤,内容有:多媒体课件制作基础、多媒体课件素材的准备、用PowerPoint制作多媒体课件等。 | |
| 410 | 0 | @12001 @a易学易用系列 |
| 606 | 0 | @a多谋体@Aduo mou ti@x计算机辅助教学 |
| 690 | @aG434@v4 | |
| 711 | 02 | @a神龙工作室@Ashen long gong zuo shi@4编著 |
| 801 | 0 | @aCN@bQSSK@c20060313 |
| 905 | @a10447@dG434@eS379 | |
| 新手学制作多媒体课件/神龙工作室编著.-北京:人民邮电出版社,2005.07 |
| 237页:图;26cm+光盘1片.-(易学易用系列) |
| ISBN 7-115-13521-5:CNY28.00 (含光盘) |
| 本书详细地介绍初学者必须掌握的基本知识、操作方法和使用步骤,内容有:多媒体课件制作基础、多媒体课件素材的准备、用PowerPoint制作多媒体课件等。 |
| ● |
| 相关链接 |
|
|
|
正题名:新手学制作多媒体课件
索取号:G434/S379
 
预约/预借
| 序号 | 登录号 | 条形码 | 馆藏地/架位号 | 状态 | 备注 |
| 1 | 555490 | 205554906 | 社科库409/409社科库 3排1列2层/ [索取号:G434/S379] | 在馆 | |
| 2 | 555491 | 205554915 | 社科库409/409社科库 3排1列2层/ [索取号:G434/S379] | 在馆 | |
| 3 | 555492 | 205554924 | 社科库409/409社科库 3排1列2层/ [索取号:G434/S379] | 在馆 |